01105nab a22002417a 4500003000400000005001700004008004100021040000700062100003200069245009300101260007300194300001500267500003600282505020700318505008100525650001800606650001800624650002200642650002300664650001600687650001200703773014800715OSt20260205101452.0190429b xxu||||| |||| 00| 0 spa d cPJ aValdés Tietjen, Agustín13aTensiones entre la dogmática y los sistemas acusatorios /cAgustín Valdés Tietjen. cCiudad Autónoma de Buenos Aires :aThomson Reuters La Ley, b2024. ap. 112-135 aCita: TR LALEY AR/DOC/879/2024. aSumario: I. Introducción.— II. Las tensiones.— III. Las relaciones entre el Derecho Penal sustantivo y el Derecho Procesal Penal.— IV. Propuestas de compatibilización.— V. Reflexión final. tSi te interesa el texto completo, solicitalo a koha@justierradelfuego.gov.ar 0aDERECHO PENAL 0aPROCESO PENAL 0aTEORIA DEL DELITO 0aJUICIO POR JURADOS 0aJUICIO ORAL 0aDELITOS0 02658tRevista de derecho penal y criminología. Nº 4 - Mayo 2024dCiudad Autónoma de Buenos Aires : Thomson Reuters La Ley, 2017-x00347914